En la tarea llamada educar: reflexiones a través del comic /
| Үндсэн зохиолч: | |
|---|---|
| Формат: | Ном |
| Хэл сонгох: | испани |
| Хэвлэсэн: |
Peru :
Universidad Femenina del Sagrado Corazón,
2003
|
| Нөхцлүүд: |
MARC
| LEADER | 00000nam a2200000Ia 4500 | ||
|---|---|---|---|
| 008 | 180227b2003 pe ||||| |||| 00| | spa d | ||
| 999 | |c 1570 |d 1570 | ||
| 090 | |a 06.02.01 |b 794 | ||
| 100 | 1 | |a Campos Arenas, Agustín |9 3419 | |
| 245 | 1 | 6 | |a En la tarea llamada educar: reflexiones a través del comic / |c Agustín Campos Arenas |
| 260 | |a Peru : |b Universidad Femenina del Sagrado Corazón, |c 2003 | ||
| 300 | |a 207 páginas | ||
| 650 | 1 | 4 | |a EDUCACIÓN |9 1 |
| 650 | 1 | 4 | |a ILUSTRACIONES |9 3420 |
| 942 | |i 00159 |h 06.02.01 794 |2 z |c 01 | ||
